Spell the Country #30 - Statistics

General Stats
  • This quiz has been taken 51 times
  • The average score is 5 of 5
Answer Stats
Picture Answer % Correct
Finland
100%
Ireland
100%
India
98%
Fiji
95%
Japan
95%
No matching quizzes found
Score Distribution
Percent of People with Each Score
Percentile by Number Answered
Your Score History
You have not taken this quiz